| 000 -LEADER |
| fixed length control field |
01823cam a2200205 a 4500 |
| 020 ## - INTERNATIONAL STANDARD BOOK NUMBER |
| ISBN |
0805827757 |
| 020 ## - INTERNATIONAL STANDARD BOOK NUMBER |
| ISBN |
9780805827750 |
| 020 ## - INTERNATIONAL STANDARD BOOK NUMBER |
| ISBN |
0805827765 |
| 020 ## - INTERNATIONAL STANDARD BOOK NUMBER |
| ISBN |
9780805827767 |
| 040 ## - CATALOGING SOURCE |
| Transcribing agency |
DLC |
| 082 00 - DEWEY DECIMAL CLASSIFICATION NUMBER |
| Classification number |
371 UNT 1990 C165 Or. |
| 100 1# - MAIN ENTRY--AUTHOR NAME |
| Personal name |
Weinberg, Meyer, |
| 245 10 - TITLE STATEMENT |
| Title |
Asian-American education : |
| Remainder of title |
historical background and current realities / |
| 300 ## - PHYSICAL DESCRIPTION |
| Number of Pages |
x, 343 pages : |
| Other physical details |
map ; |
| Dimensions |
24 cm |
| 490 1# - SERIES STATEMENT |
| Series statement |
Sociocultural, political, and historical studies in education |
| 520 ## - SUMMARY, ETC. |
| Summary, etc |
Asian-American Education: Historical Background and Current Realities fills a gap in the study of the social and historical experiences of Asians in U.S. schools. It is the first historical work to provide American readers with information about highly individual ethnic groups rather than viewing distinctly different groups as one vague, global entity such as "Asians." The people who populate each chapter are portrayed as active participants in their history rather than as passive victims of their culture |
| 520 8# - SUMMARY, ETC. |
| Summary, etc |
Each of the twelve country-specific chapters begins with a description of the kind of education received in the home country, including how widely available it was, how equal or unequal the society was, and what the circumstances were under which the emigration of children from the country occurred. The latter part of each of these chapters deals with the education these children have received in the United States. Throughout the book, instead of dwelling on a relatively narrow range of children who perform spectacularly well, the author tries to discover the educational situation typical among average students. The order of chapters is roughly chronological in terms of when the first sizable numbers of immigrants came from a specific country |
| 650 #0 - SUBJECT ADDED ENTRY--TOPICAL TERM |
| Topical Term |
Asian Americans |
| 942 ## - ADDED ENTRY ELEMENTS (KOHA) |
| Koha item type |
ADB |
| 952 ## - LOCATION AND ITEM INFORMATION (KOHA) |
| Withdrawn status [LOCAL, KOHA] |
0 |